000 00674nam a2200181Ia 4500
005 20251020182532.0
008 200515s9999 xx 000 0 und d
082 _a711.728(85)/A97
100 _aAZEVEDO, Paulo O. D.
245 0 _aCusco ciudad histórica: continuidad y cambio
260 _aCusco
260 _c1982
500 _a1 ejemplar
520 _aEnfoque novedoso sobre la evolución de la ciudad del Cusco. El autor observa que el cambio se produjo, hasta ahora, de manera desorganizada, no progresiva y abrupta, disturbando la ecología física, humana y natural del Cusco. Y a partir de aquí plantea su
650 _aCUSCO
650 _aLIB
942 _cLIB
999 _c2115
_d2115